Представление документа в формате MARC21

Поле Инд. ПП Название Значение
Тип записи a
Библиографический уровень b
001 Контрольный номер RU/IS/BASE/161452640
005 Дата корректировки 20200630193158.7
008 Кодируемые данные 20050211
084 a Индекс другой классификации/Индекс ББК 60.524.258в
a Индекс другой классификации/Индекс ББК 67.51в
100 1_ a Автор Шипунова Т. В.
q Полное имя Шипунова Татьяна Владимировна
245 a Заглавие Проблема синтеза теорий девиантности
504 a Библиография Библиогр.: 16 назв.
520 a Аннотация Позитивные положения различных теорий можно синтезировать, исходя из единой концептуальной основы. В качестве такой категории может выступить "социальная несправедливость", которая предстает как нарушение социальной справедливости," полагает автор статьи. С точки зрения этой концепции он рассматривает модели личности преступника, которые "в той или иной мере описывают проявления и последствия социальной несправедливости на индивидуальном уровне," и выделяет "четыре группы теорий девиантности и преступности как массовых явлений на социетальном уровне"
650 a Основная рубрика криминология
a Основная рубрика право
a Основная рубрика социология
653 a Ключевые слова девиантность
a Ключевые слова личность преступника
a Ключевые слова междисциплинарный подход
a Ключевые слова модели личности преступника
a Ключевые слова образование
a Ключевые слова правонарушители
a Ключевые слова преступность
a Ключевые слова противоправное поведение
a Ключевые слова социальная несправедливость
a Ключевые слова социальная справедливость
a Ключевые слова социальное исключение
a Ключевые слова социальное поведение
a Ключевые слова стигматизация
a Ключевые слова теории девиантности
a Ключевые слова уровень социальной справедливости
773 t Заглавие источника Социологические исследования
d Дата издания источника 2004
g Прочая информация № 12. - С. 103 - 113
w Контрольный № источника RU/IS/BASE/157478772
901 t Тип документа b